000
00285nam a22001217a 4500
040
_c
CHE
082
_a
636 CHE 2019 C139 Or.
100
_a
CHE LENGSROUN
245
_a
ការយល់ដឹងពីកសិកម្ម
260
_a
RUA
_b
CHE
_c
2019
300
_a
188P
942
_c
KB
999
_c
19705
_d
19705